| 000 | 00704nam a22001817a 4500 | ||
|---|---|---|---|
| 020 | _qHard Cover. | ||
| 082 | _a004 | ||
| 100 | _aIjaz, Farrukh, Ammar Javed, Mian Khawar Hasham, Muhammad Qaisar Chaudhary | ||
| 245 |
_aPAKISTAN'S FOREIGN POLICY & RELATIONS (CASE STUDY PAK-IRAQ RELATIONS) _cFarrukh Ijaz, Ammar Javed, Mian Khawar Hasham, Muhammad Qaisar Chaudhary |
||
| 260 |
_aIslamabad : _bSEECS - NUST, _c2003. |
||
| 300 |
_aviii, 114 p. : ill. ; _c30cm. |
||
| 563 | _aHB | ||
| 650 | _aInformation Technology-Project Report | ||
| 700 | _aDr. Shoaib | ||
| 856 | _uhttp://10.250.8.41:8080/xmlui/handle/123456789/29281 | ||
| 942 |
_2ddc _cPR |
||
| 999 |
_c540513 _d540513 |
||